Pays d'Océanie par ordre alphabétique - Statistiques

Statistiques générales
  • Ce quiz a été pris 59 fois
    29 depuis la dernière actualisation
  • Le résultat moyen est 10 sur 14
Statistiques - réponses
PAYS % Correct
Australie
100%
Nouvelle-Zélande
83%
Vanuatu
83%
Tuvalu
78%
Fidji
74%
Micronésie
74%
Samoa
74%
Tonga
74%
Îles Marshall
70%
Kiribati
70%
Nauru
70%
Îles Salomon
65%
Palaos
65%
Papouasie-Nouvelle-Guinée
65%
Aucun quiz correspondant
Distribution des résultats
% des personnes avec chaque résultat
Percentile par nombre de réponses
Votre historique - résultats
Vous n’avez pas pris ce quiz depuis la dernière actualisation